| 000 | 00708nam a2200241 a 4500 | ||
|---|---|---|---|
| 001 | BRCA_3695 | ||
| 005 | 20190320204403.0 | ||
| 008 | 080909s1960----fr-a---###---#000-0#fre-# | ||
| 041 | _afre | ||
| 044 | _afr | ||
| 050 | 4 |
_aNK2547 _b.M48 16 _c1960 |
|
| 245 | 1 | 0 |
_aMeubles et ensembles _bProvencaux _cintroduction par Henri Algoud. |
| 260 |
_aParis _bCh. Massin _c[1960] |
||
| 300 |
_a1 v. (sin paginación) _bil., 36 láminas _c29 cm. |
||
| 440 | 0 |
_aMeubles et ensembles _v16 _99596 |
|
| 500 | _aIncluye lista de láminas | ||
| 500 | _aB332 | ||
| 650 | 1 | 4 |
_aMuebles _zProvenza, Francia _99597 |
| 650 | 1 | 4 |
_aMuebles franceses _99598 |
| 700 | 1 |
_aAlgoud, Henri _eintrod _99599 |
|
| 902 | _aGFM | ||
| 942 |
_2lcc _cB |
||
| 999 |
_c3425 _d3425 |
||